000 00516cam a22002171 4500
001 sa 67001867
003 DLC
005 20260227112326.0
008 890705m19569999bg 000 0 beno
010 _asa 67001867
035 _a(OCoLC)19963664
040 _aDLC
_cWaU
_dDLC
042 _apremarc
050 0 0 _aPN1031
_b.A78
100 1 _aAshraf, Syed Ali.
245 1 0 _aKābya-paricaẏa.
260 _c[1956-
300 _av.
_c22 cm.
500 _aIn Bengali.
650 0 _aPoetry
_xHistory and criticism.
999 _c72889
_d72889